| 000 | 00651nam a22002172 4500 | ||
|---|---|---|---|
| 001 | 0000005948 | ||
| 005 | 20151217152008.0 | ||
| 008 | 070810s xx 000 0 eng d | ||
| 040 |
_aKABU _cKABU |
||
| 050 | 0 |
_aTK7867 _b.B87 1998 |
|
| 100 | 1 |
_aBurns, Stanley G. _@0000157274 |
|
| 245 | 1 | 0 |
_aPrinciples of electronic circuits / _cby Stanley G. Burns and Paul R. Bond. |
| 250 | _a2nd ed. | ||
| 260 |
_aNew Delhi : _bGalgotia, _c1998. |
||
| 300 | _axxii, 973 p. | ||
| 650 | 0 |
_aElectronic circuits. _@0000148505 |
|
| 700 | 1 |
_aBond, Paul R. _@0000157275 |
|
| 908 | _a070810 | ||
| 950 | _@1 | ||
| 999 |
_c7133 _d7133 |
||